| 000 | 00881cam a2200217 i 4500 | ||
|---|---|---|---|
| 005 | 20251108172832.0 | ||
| 008 | 250721s2004 sy a gr 000 0 ara d | ||
| 082 | 1 | 4 |
_a004.65 _bح ج ا |
| 100 | 1 |
_aحجار، فادي _eمعد. |
|
| 245 | 1 | 0 |
_aتطوير نظم المعلومات بإستخدام لغة النمذجة الموحدة UML : _bمن تحليل المتطلبات إلى تصميم النظام / _cإعداد المهندس فادي حجار. |
| 250 | _aالطبعة الأولى. | ||
| 264 | 1 |
_aحلب : _bشعاع للنشر و العلوم، _c2004. |
|
| 300 | _a462 صفحة. | ||
| 650 | 1 | 7 | _aشبكات المعلومات. |
| 650 | 1 | 7 | _aقواعد المعلومات. |
| 650 | 1 | 7 | _aقواعد البيانات |
| 650 | 1 | 7 | _aالحواسيب. |
| 650 | 1 | 7 | _aلغات البرمجة. |
| 942 |
_2ddc _cBK |
||
| 999 |
_c89669 _d89669 |
||